000 00265nam a22001217a 4500
041 _aENG
100 _aAgarwal.R.D
245 _aOeganization And Management
260 _aDelhi
_bTata McGraw -Hill
_c1982
300 _a708
650 _aM.Tech
856 _uM.Tech -(7)
999 _c996
_d996